Obnovenie poriadku

Gespeichert in:
Bibliographische Detailangaben
1. Verfasser: Šimečka, Milan
Weitere Verfasser: Gáfriková, Gizela
Format: Buch
Sprache:Slowakisch
Veröffentlicht: Bratislava Archa 1990
Ausgabe:1. vyd.
Tags: Tag hinzufügen
Keine Tags, Fügen Sie das erste Tag hinzu!

MARC

LEADER 00000nam a2200000 4500
001 c034970
005 20250506111237.0
041 0 |a slo 
044 |a SK 
245 1 0 |a Obnovenie poriadku  |c Milan Šimečka ; [Z češ. prel.] Gizela Gáfriková 
250 |a 1. vyd. 
264 1 |a Bratislava  |b Archa  |c 1990 
300 |a 211 s. 
100 1 |a Šimečka, Milan 
700 1 |a Gáfriková, Gizela